| 000 | 00705nam a22002297a 4500 | ||
|---|---|---|---|
| 005 | 20170124110024.0 | ||
| 010 | _aA-408083 | ||
| 020 | _c200.00 | ||
| 035 | _aA-408083 | ||
| 037 | _bCen Lib/Ret | ||
| 040 |
_aDPL _bEN |
||
| 082 |
_a341.11 _bATT |
||
| 100 |
_aAttar Chand _95700 |
||
| 245 |
_aCommonwealth nations : _cby Attar Chand _bpast and present / |
||
| 260 |
_aNew Delhi _bUDH Publishers _c1984 |
||
| 270 |
_bNew Delhi _a4078, nai sarak _e110006 |
||
| 300 |
_alxiv, 278p. _c23cm(Hb) |
||
| 500 | _aIncludes bibliographical references and index | ||
| 650 |
_aCommonwealth _xHistory _920294 |
||
| 650 |
_aCommonwealth _xEmpire _920295 |
||
| 942 |
_2ddc _cEN _h341.11 _mATT |
||
| 999 |
_c127370 _d127370 |
||